00535nam a22001697a 450000500170000001000150001702000230003203500140005503700130006908200120008210000190009424501050011326000310021827000560024930000200030550000400032520170831104403.0 aENG-120190 a8171021824c500.00 aEN-103722 bDBAD/PUB a632.152 aGhosh, Manojit aSustainability, water use and economic incentives :ba case for greater Kolkata /cby Manojit Ghosh  aKolkata bFirma KLM c2016 a257B, Bipin Behari Ganguly Street bKolkatae700012 a271p.c21cm(Hb) aIncludes bibliographical reference